Home Print Resources E-Books E-Journals IIMT Lecture Series Library Membership Form Book Recommendation Form Campus Tour Take AdmissionAbout Us Contact Us

FUNDAMENTALS OF ELECTRICAL ENGINEERING & ELECTRONICS (Record no. 56216)

000 -LEADER
fixed length control field nam a22 7a 4500
003 - CONTROL NUMBER IDENTIFIER
control field OSt
005 - DATE AND TIME OF LATEST TRANSACTION
control field 20221229160735.0
008 - FIXED-LENGTH DATA ELEMENTS--GENERAL INFORMATION
fixed length control field 221229b xxu||||| |||| 00| 0 eng d
040 ## - CATALOGING SOURCE
Transcribing agency IIMT COLLEGE OF POLYTECHNIC
100 ## - MAIN ENTRY--PERSONAL NAME
Personal name SAHDEV, S.K.
245 ## - TITLE STATEMENT
Title FUNDAMENTALS OF ELECTRICAL ENGINEERING & ELECTRONICS
260 ## - PUBLICATION, DISTRIBUTION, ETC.
Place of publication, distribution, etc. DELHI
Name of publisher, distributor, etc. DHANPAT RAI & CO.
Date of publication, distribution, etc. 2021
300 ## - PHYSICAL DESCRIPTION
Extent 200
942 ## - ADDED ENTRY ELEMENTS (KOHA)
Source of classification or shelving scheme
Koha item type Book Bank
Holdings
Withdrawn status Lost status Source of classification or shelving scheme Damaged status Not for loan Home library Current library Date acquired Inventory number Total Checkouts Barcode Date last seen Date last checked out Price effective from Koha item type Checked out
          NOIDA College IIMT College of Polytechnice NOIDA College IIMT College of Polytechnice 12/29/2022 HO/IN/140 1 10-B-20851 04/17/2025 02/06/2025 12/29/2022 Book Bank  
          NOIDA College IIMT College of Polytechnice NOIDA College IIMT College of Polytechnice 12/29/2022 HO/IN/140 2 10-B-20852 04/24/2025 02/06/2025 12/29/2022 Book Bank  
          NOIDA College IIMT College of Polytechnice NOIDA College IIMT College of Polytechnice 12/29/2022 HO/IN/140 1 10-B-20853 08/21/2025 02/07/2025 12/29/2022 Book Bank  
          NOIDA College IIMT College of Polytechnice NOIDA College IIMT College of Polytechnice 12/29/2022 HO/IN/140   10-B-20854 12/29/2022   12/29/2022 Book Bank  
          NOIDA College IIMT College of Polytechnice NOIDA College IIMT College of Polytechnice 12/29/2022 HO/IN/140 1 10-B-20855 04/28/2025 02/07/2025 12/29/2022 Book Bank  
          NOIDA College IIMT College of Polytechnice NOIDA College IIMT College of Polytechnice 12/29/2022 HO/IN/140 1 10-B-20856 02/07/2025 02/07/2025 12/29/2022 Book Bank 08/15/2025
          NOIDA College IIMT College of Polytechnice NOIDA College IIMT College of Polytechnice 12/29/2022 HO/IN/140 1 10-B-20857 09/03/2025 02/06/2025 12/29/2022 Book Bank  
          NOIDA College IIMT College of Polytechnice NOIDA College IIMT College of Polytechnice 12/29/2022 HO/IN/140 1 10-B-20858 02/10/2025 02/10/2025 12/29/2022 Book Bank 08/15/2025
          NOIDA College IIMT College of Polytechnice NOIDA College IIMT College of Polytechnice 12/29/2022 HO/IN/140 1 10-B-20859 07/30/2025 02/06/2025 12/29/2022 Book Bank  
          NOIDA College IIMT College of Polytechnice NOIDA College IIMT College of Polytechnice 12/29/2022 HO/IN/140 1 10-B-20860 04/18/2025 02/06/2025 12/29/2022 Book Bank  
IIMT, Central Library. All Rights Reserved IIMT,UNIVERSITY © 2023
Implemented and Customised by I CLOUDE EMS
You Are OPAC Visitor No
free web counter

Powered by Koha